000
00347nam a2200157Ia 4500
003
OSt
005
20240208122216.0
008
170524s9999 xx 000 0 und d
020
_a
0199580545
040
_c
iimtu meerut
100
_a
MANKIN DAVID
100
_c
2012
245
0
_a
HUMAN RESOURCE DEVELOPMENT
260
_a
OXFORD
942
_2
ddc
_c
02
999
_c
2754
_d
2754